A patchwork planet / (Record no. 1321)

MARC details
000 -LEADER
fixed length control field 01284cam a2200361 a 4500
005 - DATE AND TIME OF LATEST TRANSACTION
control field 20260322212055.0
008 - FIXED-LENGTH DATA ELEMENTS--GENERAL INFORMATION
fixed length control field data
010 ## - LIBRARY OF CONGRESS CONTROL NUMBER
LC control number 98084431
020 ## - INTERNATIONAL STANDARD BOOK NUMBER
International Standard Book Number 037540256X
020 ## - INTERNATIONAL STANDARD BOOK NUMBER
International Standard Book Number 9780375402562
040 ## - CATALOGING SOURCE
Original cataloging agency DLC
Transcribing agency DLC
Modifying agency DLC
043 ## - GEOGRAPHIC AREA CODE
Geographic area code n-us-md
050 00 - LIBRARY OF CONGRESS CALL NUMBER
Classification number PS3570.Y45
Item number P38 1998b
082 00 - DEWEY DECIMAL CLASSIFICATION NUMBER
Classification number 813/.54
Edition information 21
001 - CONTROL NUMBER
control field data
100 1# - MAIN ENTRY--PERSONAL NAME
Personal name Tyler, Anne.
245 12 - TITLE STATEMENT
Title A patchwork planet /
Statement of responsibility, etc. Anne Tyler.
250 ## - EDITION STATEMENT
Edition statement 1st trade ed.
260 ## - PUBLICATION, DISTRIBUTION, ETC.
Place of publication, distribution, etc. New York :
Name of publisher, distributor, etc. A.A. Knopf,
Date of publication, distribution, etc. 1998.
300 ## - PHYSICAL DESCRIPTION
Extent 287 p. ;
Dimensions 23 cm.
650 #0 - SUBJECT ADDED ENTRY--TOPICAL TERM
Topical term or geographic name entry element Charities
Geographic subdivision Baltimore
-- Baltimore
General subdivision Fiction.
650 #0 - SUBJECT ADDED ENTRY--TOPICAL TERM
Topical term or geographic name entry element Men
General subdivision Fiction.
-- Fiction.
651 #0 - SUBJECT ADDED ENTRY--GEOGRAPHIC NAME
Geographic name Baltimore (Md.)
General subdivision Fiction.
655 #7 - INDEX TERM--GENRE/FORM
Genre/form data or focus term Domestic fiction.
Source of term lcsh
856 42 - ELECTRONIC LOCATION AND ACCESS
Materials specified Contributor biographical information
Uniform Resource Identifier <a href="http://www.loc.gov/catdir/bios/random059/98084431.html">http://www.loc.gov/catdir/bios/random059/98084431.html</a>
856 41 - ELECTRONIC LOCATION AND ACCESS
Materials specified Sample text
Uniform Resource Identifier <a href="http://www.loc.gov/catdir/samples/random041/98084431.html">http://www.loc.gov/catdir/samples/random041/98084431.html</a>
856 42 - ELECTRONIC LOCATION AND ACCESS
Materials specified Publisher description
Uniform Resource Identifier <a href="http://www.loc.gov/catdir/description/random043/98084431.html">http://www.loc.gov/catdir/description/random043/98084431.html</a>
906 ## - LOCAL DATA ELEMENT F, LDF (RLIN)
a 7
b cbc
c orignew
d 2
e opcn
f 19
g y-gencatlg
920 ## -
-- **LC HAS REQ'D # OF SHELF COPIES**
922 ## -
-- ad
991 ## -
-- c-GenColl
-- PS3570.Y45
-- P38 1998b
-- 00053711297
-- Copy 1
-- BOOKS
Holdings
Withdrawn status Lost status Damaged status Not for loan Home library Current library Shelving location Date acquired Total checkouts Full call number Barcode Date last seen Price effective from Koha item type
        Pleasant Valley Pleasant Valley General stacks 22/03/2026   813/.54 21 BC0011364 22/03/2026 22/03/2026 Books